|
|
|
|
| LEADER |
00000nab a2200000uu 4500 |
| 001 |
vtls011531912 |
| 003 |
SK-MaSNL |
| 005 |
20260304003453.0 |
| 008 |
230302|2013 xo |||||||||||||||||slo| |
| 015 |
|
|
|a SNBRB
|
| 035 |
|
|
|a (urnnbn)urn:nbn:sk:snk:ar-a0aa66
|
| 035 |
|
|
|a (uuid)ba10f465-09e7-4c07-bc87-e3d9feb863a2
|
| 035 |
|
|
|a urn:nbn:sk:snk-abehq8
|
| 040 |
|
|
|a SNKBUCL
|b slo
|c SNKBUCL
|e AACR2
|
| 041 |
0 |
|
|a slo
|
| 044 |
|
|
|a xo
|c SK
|
| 100 |
1 |
|
|a Ferko, Miloš,
|d 1974-
|4 aut
|9 103967
|
| 245 |
1 |
0 |
|a Marián Grupač: Poltvin - 9 farieb klamstva
|c Miloš Ferko
|
| 650 |
0 |
7 |
|a slovenské poviedky
|2 SNKPH
|9 111049
|
| 655 |
|
7 |
|a recenzie
|2 SNKPH
|9 21907
|
| 740 |
0 |
2 |
|a 9 farieb klamstva
|
| 773 |
0 |
|
|t Slovenské pohľady
|g Roč. 129, č. 5 (2013), s. 117-119
|
| 787 |
0 |
8 |
|i Rec.:
|a Grupač, Marián
|t Poltvin : 9 farieb klamstva
|d Martin : Vydavateľstvo Matice slovenskej, 2012
|
| 954 |
|
|
|a odborná, vedecká literatúra pôvodná (slovenská)
|2 lita
|
| 958 |
|
|
|a OND
|
| 958 |
|
|
|a EUIPO
|
| 958 |
|
7 |
|a RC
|
| 958 |
|
|
|a article21
|
| 999 |
|
|
|c 2547513
|d 2549443
|